000 00672nam a2200241Ia 4500
003 OSt
005 20221005130858.0
006 a|||||r|||| 00| 0
007 ta
008 221004b |||||||| |||| 00| 0 san d
024 _a59657
037 _cTextual
040 _aCRL
_cCRL
_bsan
041 _2san
_asan
082 _aV2:25xM89x, 15K4
100 _aAmir Chandra
_9638789
245 0 _aSanskrita Ratanakara
_b Jawaharlal Nehru sriddanjali anka.
260 _c1964
650 _aHISTORY
700 _a Chaturvedi Ramesh Ed.
_9432211
942 _hV2:25xM89x, 15K4
_cTEXL
_2cc
999 _c1058666
_d1058666